Statistiques concernant Harry Potter: la Maison des Lovegood

Cliquez ici pour prendre le quiz!

Statistiques générales

  • Ce quiz a été pris 44 fois
  • Le résultat moyen est 8 sur 10

Statistiques - réponses

InformationRéponses% Correct
PaysRoyaume-Uni
97%
PropriétaireXenophilius Lovegood
97%
RésidentXenophilius Lovegood
97%
Première apparitionHarry Potter et les Reliques de la Mort
95%
Dernière apparitionHarry Potter et les Reliques de la Mort
95%
RésidenteLuna Lovegood
95%
NationAngleterre
90%
Ex résidentePandora Lovegood
44%
VilleLoutry Ste Chaspoule
38%
RégionDevon
13%

Distribution des résultats

Percentile par nombre de réponses

% des personnes avec chaque résultat

Votre développement - résultats

Vous n’avez pas pris ce quiz